000 00727nam a22002533 4500
001 6588
003 BD-RjUL
005 20211208234255.0
008 140111s1966 nyua 000 0 eng d
035 _a(BD-RjUL)6629
040 _aDLC
_cDLC
_beng
_d(BD-RjUL)
041 _aeng
082 0 0 _219
_a 512.7
_bWOF
100 1 _aWoll, John W. [from old catalog]
_920735
245 1 0 _aFunctions of several variables /
_c[by] John W. Woll, Jr.
260 _aNew York,
_bHarcourt, Brace & World
_c[1966]
300 _axi, 169 p. ;
_billus ;
_c24 cm.
490 0 _aHarbrace college mathematics series
504 _aIncludes Index
650 0 _aFunctions.
_920736
942 _2ddc
_cBK
999 _c6588
_d6588